[Event "NED-chT 1617"]
[Site "Netherlands"]
[Date "2016.10.08"]
[Round "2.3"]
[White "Zaragatski, Ilja"]
[Black "Vreugdenhil, Frans"]
[Result "1-0"]
[WhiteElo "2499"]
[BlackElo "2010"]
[PlyCount "81"]
[EventDate "2016.09.17"]
[EventType "team-tourn"]
[EventRounds "9"]
[EventCountry "NED"]
[SourceTitle "EXT 2017"]
[Source "ChessBase"]
[SourceDate "2016.10.25"]
[SourceVersion "1"]
[SourceVersionDate "2016.10.25"]
[SourceQuality "1"]
[WhiteTeam "SISSA"]
[BlackTeam "Rotterdam Pathena"]
[WhiteTeamCountry "NED"]
[BlackTeamCountry "NED"]

1. Nf3 d5 2. g3 Nf6 3. Bg2 g6 4. c4 c6 5. b3 Bg7 6. Bb2 0-0 7. 0-0 e6 8. Qc2 Nbd7 9. d3 Re8 10. Nbd2 Nh5 11. d4 Nhf6 12. Rad1 b6 13. e4 dxe4 14. Ng5 Bb7 15. c5 Ba6 16. Nc4 Bxc4 17. Qxc4 b5 18. Qc2 Qc7 19. Bc1 Nd5 20. Nxe4 N7f6 21. Nd6 Red8 22. h4 Ne8 23. Bxd5 exd5 24. Bf4 Qd7 25. Rfe1 Nxd6 26. cxd6 Re8 27. Qc5 Re6 28. Rxe6 fxe6 29. Rc1 Rc8 30. a4 bxa4 31. bxa4 Bf8 32. a5 a6 33. Rc3 Rd8 34. Qxc6 Bxd6 35. Bg5 Qxc6 36. Rxc6 Rd7 37. Rxa6 Kf7 38. Ra8 e5 39. a6 Ke6 40. Re8+ Kf5 41. Rd8 1-0

[Event "NED-chT 1415"]
[Site "Netherlands"]
[Date "2015.02.07"]
[Round "5.7"]
[White "Vreugdenhil, Frans"]
[Black "Lemmers, Oscar"]
[Result "1/2-1/2"]
[WhiteElo "1995"]
[BlackElo "2373"]
[PlyCount "38"]
[EventDate "2014.09.27"]
[EventType "team-tourn"]
[EventRounds "9"]
[EventCountry "NED"]
[SourceTitle "EXT 2016"]
[Source "ChessBase"]
[SourceDate "2015.10.08"]
[SourceVersion "1"]
[SourceVersionDate "2015.10.08"]
[SourceQuality "1"]
[WhiteTeam "Rotterdam"]
[BlackTeam "Voerendaal"]
[WhiteTeamCountry "NED"]
[BlackTeamCountry "NED"]

1. e4 c5 2. Nf3 e6 3. d4 cxd4 4. Nxd4 a6 5. g3 d5 6. Nc3 dxe4 7. Nxe4 e5 8. Nb3 Qxd1+ 9. Kxd1 Bg4+ 10. Be2 Bxe2+ 11. Kxe2 Nd7 12. Rd1 Ngf6 13. Nxf6+ Nxf6 14. h3 Rc8 15. c3 Be7 16. Bg5 Nd7 17. Be3 Nf6 18. Bg5 Nd7 19. Be3 Nf6 1/2-1/2

[Event "Vlissingen HZ op 17th"]
[Site "Vlissingen"]
[Date "2013.08.04"]
[Round "2"]
[White "Afek, Yochanan"]
[Black "Vreugdenhil, Frans"]
[Result "1-0"]
[WhiteElo "2315"]
[BlackElo "2008"]
[PlyCount "27"]
[EventDate "2013.08.03"]
[EventType "swiss"]
[EventRounds "9"]
[EventCountry "NED"]
[SourceTitle "CBM 155 Extra"]
[Source "ChessBase"]
[SourceDate "2013.08.26"]
[SourceVersion "1"]
[SourceVersionDate "2013.08.26"]
[SourceQuality "1"]

1. e4 e5 2. Nf3 Nc6 3. Nc3 d6 4. d4 Bg4 5. Bb5 exd4 6. Qxd4 Bxf3 7. gxf3 a6 8. Bxc6+ bxc6 9. Be3 Nf6 10. 0-0-0 g6 11. e5 Nh5 12. exd6 Bg7 13. d7+ Kf8 14. Qc5+ 1-0

[Event "Alghero op 1st"]
[Site "Alghero"]
[Date "2011.08.28"]
[Round "3"]
[White "Sprenger, Jan Michael"]
[Black "Vreugdenhil, Frans"]
[Result "1-0"]
[WhiteElo "2515"]
[BlackElo "2070"]
[PlyCount "37"]
[EventDate "2011.08.26"]
[EventType "swiss"]
[EventRounds "9"]
[EventCountry "ITA"]
[SourceTitle "CBM 144 Extra"]
[Source "ChessBase"]
[SourceDate "2011.10.28"]
[SourceVersion "1"]
[SourceVersionDate "2011.10.28"]
[SourceQuality "1"]

1. d4 d5 2. Nf3 Nf6 3. c4 e6 4. Nc3 c6 5. e3 Nbd7 6. Qc2 Bd6 7. b3 0-0 8. Be2 e5 9. cxd5 Nxd5 10. Bb2 exd4 11. Nxd5 cxd5 12. Bxd4 Qa5+ 13. Bc3 Bb4 14. Bxb4 Qxb4+ 15. Qd2 a5 16. Nd4 Nc5 17. Qxb4 axb4 18. Nc2 Nxb3 19. axb3 1-0

[Event "Curacao op 11th"]
[Site "Curacao"]
[Date "2011.07.27"]
[Round "5"]
[White "Vreugdenhil, Frans"]
[Black "Van Woerden, Michiel"]
[Result "1/2-1/2"]
[WhiteElo "2070"]
[BlackElo "2074"]
[PlyCount "25"]
[EventDate "2011.07.22"]
[EventType "swiss"]
[EventRounds "9"]
[EventCountry "AHO"]
[SourceTitle "EXT 2012"]
[Source "ChessBase"]
[SourceDate "2011.11.24"]
[SourceVersion "1"]
[SourceVersionDate "2011.11.24"]
[SourceQuality "1"]

1. e4 c5 2. Nf3 Nc6 3. d4 cxd4 4. Nxd4 g6 5. Nc3 Bg7 6. Be3 Nf6 7. Be2 0-0 8. 0-0 d5 9. Nxc6 bxc6 10. exd5 Nxd5 11. Nxd5 Qxd5 12. Qxd5 cxd5 13. c3 1/2-1/2

[Event "Curacao op 11th"]
[Site "Curacao"]
[Date "2011.07.24"]
[Round "3"]
[White "Vreugdenhil, Frans"]
[Black "Cuellar, Oscar"]
[Result "1/2-1/2"]
[WhiteElo "2070"]
[BlackElo "2093"]
[PlyCount "64"]
[EventDate "2011.07.22"]
[EventType "swiss"]
[EventRounds "9"]
[EventCountry "AHO"]
[SourceTitle "EXT 2012"]
[Source "ChessBase"]
[SourceDate "2011.11.24"]
[SourceVersion "1"]
[SourceVersionDate "2011.11.24"]
[SourceQuality "1"]

1. e4 c6 2. d4 d5 3. exd5 cxd5 4. c4 Nf6 5. Nc3 Nc6 6. Nf3 Bg4 7. cxd5 Nxd5 8. Qb3 Bxf3 9. gxf3 e6 10. Qxb7 Nxd4 11. Bb5+ Nxb5 12. Qc6+ Ke7 13. Qxb5 Nxc3 14. bxc3 Qd5 15. Ba3+ Kf6 16. Qxd5 exd5 17. Bxf8 Rhxf8 18. 0-0-0 Rfc8 19. Rd3 d4 20. Kd2 Rab8 21. Kc2 dxc3 22. Rxc3 Rxc3+ 23. Kxc3 Kf5 24. Rg1 g6 25. Rg4 h5 26. Ra4 Rb7 27. Kd3 g5 28. Ke2 h4 29. h3 Re7+ 30. Kf1 f6 31. Kg2 Rf7 32. Ra5+ Kf4 1/2-1/2

[Event "Curacao op 11th"]
[Site "Curacao"]
[Date "2011.07.23"]
[Round "2"]
[White "Zepeda, Lorena"]
[Black "Vreugdenhil, Frans"]
[Result "1-0"]
[WhiteElo "2187"]
[BlackElo "2070"]
[PlyCount "47"]
[EventDate "2011.07.22"]
[EventType "swiss"]
[EventRounds "9"]
[EventCountry "AHO"]
[SourceTitle "EXT 2012"]
[Source "ChessBase"]
[SourceDate "2011.11.24"]
[SourceVersion "1"]
[SourceVersionDate "2011.11.24"]
[SourceQuality "1"]

1. e4 e5 2. Bc4 Nf6 3. Qe2 Nc6 4. Nf3 Be7 5. c3 d6 6. d3 0-0 7. Bb3 Bg4 8. Nbd2 Nh5 9. Nf1 Nf4 10. Bxf4 exf4 11. Qd2 Bxf3 12. gxf3 Ne5 13. 0-0-0 Nxf3 14. Qe2 Ne5 15. d4 Ng6 16. Nd2 c5 17. Qh5 b5 18. dxc5 dxc5 19. Nf3 Qb6 20. Bd5 Rad8 21. h4 Qc7 22. Ng5 h6 23. Nxf7 Rxd5 24. Nxh6+ 1-0

[Event "Leiden SB-ch"]
[Site "Leiden"]
[Date "2011.06.07"]
[Round "4"]
[White "Van de Peut, Aart A"]
[Black "Vreugdenhil, Frans"]
[Result "0-1"]
[WhiteElo "1925"]
[BlackElo "1969"]
[PlyCount "114"]
[EventDate "2011.05.17"]
[EventType "swiss"]
[EventRounds "7"]
[EventCountry "NED"]
[SourceTitle "EXT 2012"]
[Source "ChessBase"]
[SourceDate "2011.11.24"]
[SourceVersion "1"]
[SourceVersionDate "2011.11.24"]
[SourceQuality "1"]

1. e4 e5 2. Nc3 Nf6 3. Bc4 Bc5 4. d3 0-0 5. Bg5 h6 6. Bxf6 Qxf6 7. Qf3 Qd8 8. Qg3 Nc6 9. Nf3 d6 10. 0-0 a6 11. a3 Bd7 12. Nd5 Nd4 13. Nxd4 Bxd4 14. c3 Ba7 15. Kh1 c6 16. Ne3 Qg5 17. Nf5 Bb8 18. f4 exf4 19. Qf3 Bxf5 20. exf5 d5 21. Ba2 Qxf5 22. Rae1 Bd6 23. g3 g5 24. gxf4 Bxf4 25. d4 Rae8 26. Bb1 Qf6 27. Qd3 Qg7 28. Qf5 f6 29. Re6 Rxe6 30. Qxe6+ Qf7 31. Re1 Qxe6 32. Rxe6 Kf7 33. Bf5 Re8 34. Rxe8 Kxe8 35. Bc8 b6 36. Bxa6 Bc1 37. b3 Bxa3 38. c4 Kd7 39. cxd5 cxd5 40. Bd3 Ke6 41. Kg2 Bb2 42. Kf3 Bxd4 43. Bh7 Ke5 44. Ke2 Bc5 45. h3 Kf4 46. Bg8 Ke4 47. Bf7 f5 48. Bg6 Ke5 49. Kf3 Bd4 50. Be8 Bc3 51. Bf7 d4 52. Bc4 h5 53. Be2 g4+ 54. Kg2 Kf4 55. Bd3 Be1 56. Bc2 h4 57. Kg1 g3 0-1

[Event "Regionalliga NW 0910"]
[Site "Bayern"]
[Date "2010.04.11"]
[Round "9.5"]
[White "Chalus, Karel"]
[Black "Vreugdenhil, Frans"]
[Result "1-0"]
[WhiteElo "2066"]
[BlackElo "1992"]
[PlyCount "101"]
[EventDate "2009.10.18"]
[EventType "team-tourn"]
[EventRounds "9"]
[EventCountry "GER"]
[SourceTitle "EXT 2011"]
[Source "ChessBase"]
[SourceDate "2010.11.26"]
[SourceVersion "1"]
[SourceVersionDate "2010.11.26"]
[SourceQuality "1"]
[WhiteTeam "Kirchenlaibach"]
[BlackTeam "Obernau"]
[WhiteTeamCountry "GER"]
[BlackTeamCountry "GER"]

1. e4 e5 2. Nf3 Nc6 3. Bc4 Nf6 4. d3 d5 5. exd5 Nxd5 6. 0-0 Bc5 7. Nxe5 Nxe5 8. Re1 0-0 9. Rxe5 c6 10. d4 Bd6 11. Re1 Qh4 12. g3 Qf6 13. c3 Bf5 14. Bd3 h5 15. Qf3 Rfe8 16. Bd2 Rxe1+ 17. Bxe1 Re8 18. Nd2 Bxd3 19. Qxd3 Qe6 20. Nf1 Qg4 21. Bd2 Nf4 22. Bxf4 Bxf4 23. f3 Qg5 24. h4 Be3+ 25. Qxe3 Qxe3+ 26. Nxe3 Rxe3 27. Kf2 Re7 28. Re1 Rd7 29. Re8+ Kh7 30. Ke3 Kg6 31. Ke4 f6 32. c4 Kf7 33. Rh8 Re7+ 34. Kd3 Kg6 35. d5 Re1 36. Kd2 Re7 37. d6 Re6 38. c5 Re5 39. b4 b6 40. Kc3 Rd5 41. Kc4 bxc5 42. bxc5 Rd2 43. Rc8 Kf7 44. Rxc6 Rxa2 45. d7 Ke7 46. Rd6 Kd8 47. c6 Rc2+ 48. Kb3 Rc1 49. Re6 Kc7 50. Re8 Rd1 51. Rc8+ 1-0

[Event "Alpenpokal op 35th"]
[Site "Langenwang"]
[Date "2009.01.13"]
[Round "5"]
[White "Vreugdenhil, Frans"]
[Black "Josting, Friedel"]
[Result "0-1"]
[WhiteElo "2067"]
[BlackElo "1994"]
[PlyCount "54"]
[EventDate "2009.01.09"]
[EventType "swiss"]
[EventRounds "9"]
[EventCountry "GER"]
[SourceTitle "EXT 2019"]
[Source "ChessBase"]
[SourceDate "2018.10.10"]
[SourceVersion "1"]
[SourceVersionDate "2018.10.10"]
[SourceQuality "1"]

1. e4 c5 2. Nf3 e6 3. d4 cxd4 4. Nxd4 a6 5. Nc3 Qc7 6. Be2 Nc6 7. Be3 Nf6 8. 0-0 b5 9. a3 Bb7 10. Nb3 d6 11. f4 Na5 12. Nxa5 Qxa5 13. Bf3 e5 14. Qe1 Qc7 15. Qg3 Rc8 16. Rad1 Qe7 17. Rfe1 Rc4 18. Bb6 Nd7 19. Ba5 exf4 20. Qf2 Ne5 21. Nd5 Bxd5 22. Rxd5 Qb7 23. Bc3 f6 24. Qh4 Be7 25. Bh5+ Kf8 26. Qxf4 Qxd5 27. b3 Qc5+ 0-1

[Event "Leiden SB-ch"]
[Site "Leiden"]
[Date "2006.06.27"]
[Round "7"]
[White "Vreugdenhil, Frans"]
[Black "Zijlstra, Jelle"]
[Result "1/2-1/2"]
[WhiteElo "2054"]
[BlackElo "1762"]
[PlyCount "70"]
[EventDate "2006.05.16"]
[EventType "swiss"]
[EventRounds "7"]
[EventCountry "NED"]
[SourceTitle "EXT 2012"]
[Source "ChessBase"]
[SourceDate "2011.11.24"]
[SourceVersion "1"]
[SourceVersionDate "2011.11.24"]
[SourceQuality "1"]

1. e4 c5 2. Nf3 d6 3. d4 cxd4 4. Nxd4 Nf6 5. Nc3 g6 6. Be3 Bg7 7. f3 Nc6 8. Qd2 0-0 9. Bc4 Bd7 10. 0-0-0 Rc8 11. Bb3 Ne5 12. h4 h5 13. Bg5 Nc4 14. Qe2 Qc7 15. Bxf6 Bxf6 16. Nd5 Qc5 17. Nxf6+ exf6 18. Bxc4 Qxc4 19. Qxc4 Rxc4 20. Ne2 Rc6 21. Rd2 Be6 22. Nc3 Rd8 23. Rhd1 Kf8 24. a3 Ke7 25. Rd4 Rd7 26. R1d2 a6 27. Nd1 f5 28. Ne3 fxe4 29. Rxe4 Kf6 30. Nd5+ Bxd5 31. Rxd5 Rc5 32. Rd2 Re5 33. Rde2 Rxe4 34. Rxe4 d5 35. Rd4 Ke5 1/2-1/2

[Event "Leiden SB-ch"]
[Site "Leiden"]
[Date "2006.06.20"]
[Round "6"]
[White "Sahakjan, Hambartsum"]
[Black "Vreugdenhil, Frans"]
[Result "0-1"]
[WhiteElo "1771"]
[BlackElo "2054"]
[PlyCount "96"]
[EventDate "2006.05.16"]
[EventType "swiss"]
[EventRounds "7"]
[EventCountry "NED"]
[SourceTitle "EXT 2012"]
[Source "ChessBase"]
[SourceDate "2011.11.24"]
[SourceVersion "1"]
[SourceVersionDate "2011.11.24"]
[SourceQuality "1"]

1. Nf3 d5 2. c4 d4 3. g3 Nc6 4. Bg2 e5 5. d3 Bg4 6. a3 a5 7. Qa4 Bd7 8. 0-0 Nf6 9. Ng5 h6 10. Ne4 Nxe4 11. Bxe4 Bd6 12. f4 exf4 13. Bxf4 Bxf4 14. Rxf4 0-0 15. Nd2 g5 16. Rf2 Ne5 17. Qb3 a4 18. Qxb7 Rb8 19. Qa7 Ng4 20. Qxd4 Nxf2 21. Kxf2 Rb6 22. Nf3 Bc6 23. Bxc6 Rxc6 24. Ke3 Re8+ 25. Kd2 Qe7 26. Re1 Rb6 27. c5 Rb3 28. h4 Rd8 29. Qxa4 Rxb2+ 30. Kc3 Rxe2 31. Rxe2 Qxe2 32. Nd4 Qe1+ 33. Kc2 Qxg3 34. hxg5 hxg5 35. Qc4 Qf2+ 36. Kc3 Qe1+ 37. Kc2 Rb8 38. Nb5 Qf2+ 39. Kc3 c6 40. Qd4 Qe1+ 41. Kc2 cxb5 42. Qf6 Qe3 43. Qd6 Rc8 44. d4 Qe2+ 45. Kc3 Qc4+ 46. Kb2 Re8 47. Qf6 Re2+ 48. Kb1 Qb3+ 0-1

[Event "Leiden SB-ch"]
[Site "Leiden"]
[Date "2006.06.06"]
[Round "4"]
[White "Vreugdenhil, Frans"]
[Black "Groeneweg, Bart"]
[Result "1/2-1/2"]
[WhiteElo "2054"]
[BlackElo "1929"]
[PlyCount "98"]
[EventDate "2006.05.16"]
[EventType "swiss"]
[EventRounds "7"]
[EventCountry "NED"]
[SourceTitle "EXT 2012"]
[Source "ChessBase"]
[SourceDate "2011.11.24"]
[SourceVersion "1"]
[SourceVersionDate "2011.11.24"]
[SourceQuality "1"]

1. e4 c5 2. Nf3 d6 3. d4 cxd4 4. Nxd4 Nf6 5. Nc3 a6 6. Bg5 e6 7. f4 Be7 8. Qf3 Nbd7 9. 0-0-0 Qc7 10. g4 b5 11. Bxf6 Nxf6 12. g5 Nd7 13. f5 Bxg5+ 14. Kb1 Ne5 15. Qh5 Qd8 16. Nxe6 g6 17. Qxg5 fxe6 18. Qxd8+ Kxd8 19. fxe6 Bxe6 20. Rxd6+ Ke7 21. Rb6 Rhb8 22. Rxb8 Rxb8 23. Be2 Rf8 24. a3 Rf2 25. Kc1 Bh3 26. Kd1 Ng4 27. Nd5+ Kd6 28. Nb4 Rg2 29. Nd3 g5 30. Ke1 Ne3 31. e5+ Ke6 32. Nc5+ Kxe5 33. c3 Bc8 34. h4 g4 35. h5 g3 36. Rh4 Rg1+ 37. Kd2 g2 38. Kxe3 Re1 39. Nd3+ Kd6 40. Rd4+ Kc7 41. Nxe1 g1Q+ 42. Kd2 Bf5 43. a4 Qg5+ 44. Kd1 Bd7 45. axb5 Bxb5 46. Bg4 a5 47. Nf3 Qe3 48. Nd2 a4 49. Kc2 Qf2 1/2-1/2